Most Populous Countries By Repeating Letter A-Z - Statistics

General Stats
  • This quiz has been taken 100 times
  • The average score is 10 of 18
Answer Stats
Letter Population Country % Correct
E 344 m United States
92%
S 344 m United States
92%
I 1.4 b India
90%
N 278 m Indonesia
78%
C 104 m D.R.Congo
70%
O 104 m D.R.Congo
70%
R 103 m D.R.Congo
70%
T 104 m D.R.Congo
70%
A 243 m Pakistan
70%
P 118 m Philippines
67%
K 19.7 m Kazakhstan
58%
Y 6.8 m Kyrgyzstan
36%
M 54 m Myanmar
35%
G 3.7 m Georgia
22%
U 13.4 m Burundi
15%
L 5.8 m Central African Republic
15%
B 16.8 m Zimbabwe
15%
D 1.5 m Trinidad and Tobago
8%
No matching quizzes found
Score Distribution
Percent of People with Each Score
Percentile by Number Answered
Your Score History
You have not taken this quiz